Promotion v podniku cestovného ruchu bakalárska práca

Gespeichert in:
Bibliographische Detailangaben
1. Verfasser: Töröková, Martina
Körperschaft: Obchodná fakulta EU. Katedra služieb a cestovného ruchu - zrušené
Weitere Verfasser: Volek, Martin
Format: Buch
Sprache:Slowakisch
Veröffentlicht: Bratislava 2012
Tags: Tag hinzufügen
Keine Tags, Fügen Sie das erste Tag hinzu!

MARC

LEADER 00000nbm a2200000 4500
001 0154489
005 20161109111848.2
041 0 |a slo 
044 |a SK 
245 1 0 |a Promotion v podniku cestovného ruchu  |b bakalárska práca  |c Martina Töröková ; školiteľ: Martin Volek 
264 1 |a Bratislava  |c 2012 
300 |a 50 s. 
100 1 |a Töröková, Martina 
700 1 |a Volek, Martin 
710 2 |a Obchodná fakulta EU. Katedra služieb a cestovného ruchu - zrušené